| 000 | 00557nam a2200193Ia 4500 | ||
|---|---|---|---|
| 005 | 20250508154755.0 | ||
| 008 | 008 250505s9999 xx 000 0 eng d | ||
| 037 | _aTextual | ||
| 040 |
_aFEDL _beng _cFEDL |
||
| 041 |
_aeng _2eng |
||
| 084 |
_a400.15, JAK _qFEDL |
||
| 100 | _aJakobovits Leon A Ed. | ||
| 245 | 0 | _aReadings in the psychology of language | |
| 260 |
_aEnglewood Cliffs _b Prentice-Hall _c1967 |
||
| 300 | _axi,636p. | ||
| 700 |
_a Miron Murray S Ed. _9766044 |
||
| 942 |
_cTEXL _h400.15, JAK |
||
| 999 |
_c1352051 _d1352051 |
||